| 000 | 00382cam a22001217a 4500 | ||
|---|---|---|---|
| 008 | 180718b1964 xxu||||| |||| 00| 0 eng d | ||
| 082 | _aR61x42 M349 | ||
| 100 | _aMarris, Robin | ||
| 245 |
_aEconomics of capital utilisation: a report on multiple-shift work _cby Robin Marris |
||
| 260 |
_aLondon _bCambridge University Press _c1964 |
||
| 300 | _a267p. | ||
| 650 | _aHours of Labour - UK | ||
| 999 |
_c373077 _d373077 |
||